| 000 | 00835nam a2200277Ia 4500 | ||
|---|---|---|---|
| 008 | 170203s9999 xx 000 0 und d | ||
| 020 | _a0-590024329 | ||
| 050 | _aFic | ||
| 050 | _b.A556r 1996 | ||
| 100 | _aAndreae, Giles | ||
| 245 | _aRumble in the Jungle / | ||
| 245 | _cGiles Andreae ; illustrated by David Wojtowycz. | ||
| 260 | _aU.S.A : | ||
| 260 | _bScholastic Inc., | ||
| 260 | _c1996 | ||
| 300 | _a1 v. (unpaged) : | ||
| 300 | _bcol. ill. ; | ||
| 300 | _c31 cm. | ||
| 500 | _aFirst published in the United States 1998 by Little Tiger Press ; originally published in Great Britain 1998 by Orchard Books, London. | ||
| 650 | _aChildren's poetry, English. | ||
| 650 | _aEnglish poetry. | ||
| 650 | _aJungle animals-- | ||
| 650 | _aJungle animals-- | ||
| 650 | _xJuvenile poetry. | ||
| 650 | _xPoetry. | ||
| 999 |
_c305982 _d305982 |
||